| 000 | 01648nam a2200325 a 4500 | ||
|---|---|---|---|
| 005 | 20160428171623.0 | ||
| 008 | 150714s2015 ck d g spa d | ||
| 020 | _a9789588901039 | ||
| 040 |
_aCO-BoBLA _cCO-BoBLA |
||
| 041 | 0 | _aspa | |
| 044 | _ack | ||
| 082 | 0 | 4 |
_a633.9 _bG15p |
| 110 | 2 |
_aColombia. _bMinisterio de Ambiente y Desarrollo Sostenible. |
|
| 245 | 1 | 0 |
_aPlan de conservación, manejo y uso sostenible de la Palma de Cera del Quindío (Ceroxylon Quindiuense), árbol nacional de Colombia / _cMinisterio de Ambiente y Desarrollo Sostenible ; textos Gloria Galeano, Rodrigo Bernal, María José Sanín ; fotografías Rodrigo Bernal, Andrés Felipe Bohórquez, Jaime González Restrepo [y otros]. |
| 260 |
_aBogotá : _bUniversidad Nacional de Colombia. Facultad de Ciencias. Instituto de Ciencias Naturales, _c2015. |
||
| 300 |
_a38 páginas : _btablas ; _c18 x 29 centímetros |
||
| 650 | 1 | 4 |
_aPalmas de cera _xUso _zQuindío (Colombia) |
| 650 | 1 | 4 |
_aPalmas de cera _xCultivo _zQuindío (Colombia) |
| 650 | 1 | 4 |
_aPalmas de cera _xConservación _zQuindío (Colombia) |
| 700 | 1 | _aGaleano, Gloria. | |
| 700 | 1 | _aBernal, Rodrigo. | |
| 700 | 1 | _aSanín, María José. | |
| 700 | 1 |
_aBohórquez, Andrés Felipe, _efotógrafo. |
|
| 700 | 1 |
_aGonzález Restrepo, Jaime, _efotógrafo. |
|
| 700 | 1 |
_aToro Murillo, Juan Lázaro, _efotógrafo. |
|
| 700 | 1 |
_aUribe, Fernando, _efotógrafo. |
|
| 700 | 1 |
_aRodríguez, Querubín, _efotógrafo. |
|
| 773 | 0 | _tPlan de conservación, manejo y uso sostenible de las palmas de Colombia | |
| 942 |
_2ddc _cLIBRO |
||
| 999 |
_c18369 _d18369 |
||